00438nam a2200133Ia 4500008004100000040001900041041001200060082002800072100002300100245006400123260003900187300001700226650006100243131103s9999 xx 000 0 und d aLoreto College aEnglish a891.44/GUPbLCLIB/19017 aGupta, Sushilkumar aUnobinsha satabditey Banglar nabajagarancSushilkumar Gupta aCalcuttabA. Mukherjee & Co.c1959 a272p c 22cm aBengali Literature - History and Criticism, 19th century